| 000 | 00966 a2200229 4500 | ||
|---|---|---|---|
| 001 | 37803 | ||
| 005 | 20260407155644.0 | ||
| 008 | 260407a1953 arg spa d | ||
| 003 | AR-UNSa-BCEJYS | ||
| 040 |
_aAR-UNSa-BCEJYS _bspa _cAR-UNSa-BCEJYS |
||
| 080 |
_a339.13 _xMercado en general. Análisis de mercado. Oferta y demanda. Competencia |
||
| 245 | 1 | 0 | _aLas leyes de la oferta y la demanda |
| 250 | _a4a. ed. | ||
| 264 | 1 |
_aMéxico : _bFondo de Cultura Económica _c1953 |
|
| 300 |
_a165 p. _c20 cm. |
||
| 505 | _a1. El mundo económico - 2. Las Leyes generales de oferta y demanda - 3. Utilidad y margen de consumo - 4. Costo y margen de producción - 5. Demanda y ofertas conjuntas - 6. La tierra - 7. El riesgo y la empresa - 8. El capital - 9. El trabajo - 10. Los costos reales de producción | ||
| 041 | _aspa | ||
| 942 | _cBK | ||
| 590 | _aniveau_biblio:m niveau_hierar:0 | ||
| 100 | 1 | _aHenderson, Hubert Douglas | |
| 700 | 1 | _aCosío Villegas, Daniel | |
| 999 |
_c2810 _d2810 |
||